000 00714nam a2200265Ia 4500
001 Z_3420
003 CHAP
008 220113s1997 xx 000 0 und d
010 _a166541
040 _cCHAP
082 _a636.4 C66
100 1 _aCopado Bueno, José María Fernando
_9143261
245 _aBases para el manejo de la producción porcina /
_cpor Fernando Copado Bueno
260 _aChapingo, Méx. :
_bUACH. Departamento de Zootecnia,
_c1997
300 _a75 p.
503 _aC/E
650 _aGanadería
_xEstudio y enseñanza
_944733
650 _aGanado porcino
_xProducción
_945399
901 _a636.4 C66
902 _aM
910 _a1997
942 _c1
942 _cc1
999 _c166541
_d166541